Management & Gouvernance Entreprises - Territoires - Sociétés

Enregistré dans:
Détails bibliographiques
Format: Publication en série
Langue:français
Publié: Grenoble Cedex <Le> Réseau des Pays du Groupe de Vysegrad
Sujets:
Tags: Ajouter un tag
Pas de tags, Soyez le premier à ajouter un tag!

MARC

LEADER 00000nas1a2200000$$$4500
001 0103074
005 20230510065100.1
022 |a 2104-2438 
041 0 |a fre 
044 |a FR 
245 1 0 |a Management & Gouvernance  |b Entreprises - Territoires - Sociétés 
264 1 |a Grenoble Cedex  |b <Le> Réseau des Pays du Groupe de Vysegrad 
610 2 0 |a manažment 
610 2 0 |a správa podniku 
610 2 0 |a správa spoločnosti 
610 2 0 |a riadenie podnikové